Veľkoobchod, dôležitý medzičlánok medzi výrobcami a konečnými užívateľmi

Veľkoobchod má dôležité postavenie v takmer každom hodnotovom reťazci. Tvorí dôležitý článok medzi výrobcami produktov a maloobchodným predajom pre konečných spotrebiteľov. V Európskej únii predstavuje pomerne stabilný článok, čo sa týka zamestnanosti, a patrí medzi dôležité odvetvia služieb. Okrem...

Descripción completa

Guardado en:
Detalles Bibliográficos
Autor principal: Lábaj, Martin, 1982-
Formato: Capítulo de libro
Lenguaje:eslovaco
Materias:
Etiquetas: Agregar Etiqueta
Sin Etiquetas, Sea el primero en etiquetar este registro!

MARC

LEADER 00000nla a2200000 4500
001 0235188
005 20240502073816.6
041 0 |a slo 
044 |a SK 
245 1 0 |a Veľkoobchod, dôležitý medzičlánok medzi výrobcami a konečnými užívateľmi  |c Martin Lábaj 
520 |a Veľkoobchod má dôležité postavenie v takmer každom hodnotovom reťazci. Tvorí dôležitý článok medzi výrobcami produktov a maloobchodným predajom pre konečných spotrebiteľov. V Európskej únii predstavuje pomerne stabilný článok, čo sa týka zamestnanosti, a patrí medzi dôležité odvetvia služieb. Okrem toho je to jedno z odvetví služieb, v ktorom firmy pomerne výrazne využívajú externé technológie pre inovovanie nimi poskytovaných služieb. Na Slovensku je veľkoobchod tiež významným odvetvím služieb. V porovnaní s vyspelými krajinami Európskej únie má stále nižšiu produktivitu práce, aj po upravení o mzdy, pôsobia v ňom v priemere menšie firmy s nižšou inovačnou aktivitou. Jednotlivé pododvetvia sa však výrazne líšia, jednak typom zamestnávania ľudí, ako aj produktivitou práce, či ziskovosťou. 
610 2 0 |a veľkoobchod 
610 2 0 |a služby 
610 2 0 |a Európska únia 
610 2 0 |a Slovensko 
610 2 0 |a produktivita práce 
610 2 0 |a zamestnanosť 
100 1 |a Lábaj, Martin, 1982-